000 00652nam a2200217Ia 4500
005 20250117103459.0
008 008 250103s9999 xx 000 0 eng d
020 _a9781544324906
037 _aTextual
040 _aCSL
_beng
_cCSL
041 _aeng
_2eng
084 _aB28,92R R3
_qCSL
100 _aLiu, Xing
_9729288
245 0 _aCategorical data analysis and multilevel modeling using R
_cLiu, Xing
260 _aCalifornia
_bSage Publication
_c2023
300 _axxxiii, 708p. ill.
650 _a Poisson regression models
_9733325
650 _aStatistics
942 _cTEXL
_hB28,92R R3
999 _c1237515
_d1237515